MDQL
is popping MORE tags! Check the
thread
!
Quizzes
Events
Quiz Creation
Community
Videos
Private Events
Remove Ads
Sign In
Join for FREE
Feedback
Dark Mode
Quiz Categories
Sports
Geography
Music
Movies
Television
Just For Fun
Miscellaneous
History
Literature
Language
Science
Gaming
Entertainment
Religion
Holiday
For Kids
Quiz Lab
Recent
Popular Today
Quiz Kudos Today
Editor Picks
Curator Picks
Quizzes by...
Day
Popularity
Type
Ratings
Length
Year
Community
Subscriptions
Recent Discussions
Orange Saloon
Badges
Playlists
Quests
Create
Leaderboards
Showdown
Live 5
Trivia Bingo
Activity
Puzzle Library
Sporcle Events
Private Events
Virtual Trivia
Globe League
Become a Host
Pub Owners
SporcleCon
Opinionation
Our Games
Videos
Blog
Mobile Apps
Partnerships
Remove Ads and Go Orange
Feedback
Sports
Athletes
MLB
NBA
NHL
NFL
Soccer
Sports Teams
WWE
NCAA
Football
Premier League
Basketball
Baseball
Hockey
Golf
Tennis
Cricket
Rugby
Auto Racing
Olympics
World Cup
Sports
Athletes
MLB
NBA
NHL
NFL
Soccer
Sports Teams
WWE
NCAA
Football
Premier League
Basketball
Baseball
Hockey
Golf
Tennis
Cricket
Rugby
Auto Racing
Olympics
World Cup
Random Quiz
Search Sporcle
×
Quiz Lab
Quiz Lab
Sports
World
Type in answers that appear in a list
Type in answers that appear in a list
Classic
Best Score? Go Orange.
F1 British Grand Prix Winners Stats
Can you name the Winners of the F1 World Championship British Grand Prix?
By
TeabagYokel
5m
61 Questions
303 Plays
303 Plays
303 Plays
Comments
Comments
Give Quiz Kudos
Give Quiz Kudos
-
- Ratings
hide this ad
More Info
Replay
Link that replays current quiz
Next Quiz
Link to next quiz in quiz playlist
You Got
0%
They Got
Avg Score
79%
Avg Friend Score
Upgrade to see
Score Distribution
Jump to the score distribution portion of the page
Score
0/61
Timer
05:00
0
Plays Today
Year
Winner
% Correct
2008
Lewis Hamilton
97%
1998
Michael Schumacher
96.7%
2002
Michael Schumacher
96.7%
2004
Michael Schumacher
96.7%
1994
Damon Hill
95%
2009
Sebastian Vettel
92.4%
1988
Ayrton Senna
92.1%
2006
Fernando Alonso
92.1%
1969
Jackie Stewart
91.7%
1971
Jackie Stewart
91.7%
1999
David Coulthard
91.4%
2000
David Coulthard
91.4%
1986
Nigel Mansell
90.8%
1987
Nigel Mansell
90.8%
1991
Nigel Mansell
90.8%
1992
Nigel Mansell
90.8%
1956
Juan Manuel Fangio
90.4%
1983
Alain Prost
90.4%
1985
Alain Prost
90.4%
1989
Alain Prost
90.4%
1990
Alain Prost
90.4%
1993
Alain Prost
90.4%
1976
Niki Lauda
87.1%
1982
Niki Lauda
87.1%
1984
Niki Lauda
87.1%
2007
Kimi Raikkonen
86.8%
1996
Jacques Villeneuve
86.1%
1997
Jacques Villeneuve
86.1%
2001
Mika Hakkinen
85.8%
1952
Alberto Ascari
84.2%
1953
Alberto Ascari
84.2%
Year
Winner
% Correct
1962
Jim Clark
84.2%
1963
Jim Clark
84.2%
1964
Jim Clark
84.2%
1965
Jim Clark
84.2%
1967
Jim Clark
84.2%
1955
Stirling Moss
83.8%
1957
Stirling Moss
83.8%
1959
Jack Brabham
83.5%
1960
Jack Brabham
83.5%
1966
Jack Brabham
83.5%
2003
Rubens Barrichello
82.2%
1977
James Hunt
80.5%
2005
Juan-Pablo Montoya
78.2%
1972
Emerson Fittipaldi
75.6%
1975
Emerson Fittipaldi
75.6%
1950
Guiseppe Farina
74.9%
1980
Alan Jones
73.6%
1970
Jochen Rindt
72.3%
1995
Johnny Herbert
69.6%
1974
Jody Scheckter
63%
1981
John Watson
57.8%
1978
Carlos Reutemann
56.4%
1961
Wolfgang von Trips
52.1%
1979
Clay Regazzoni
51.5%
&
Tony Brooks
47.9%
1951
Jose-Frolian Gonzalez
45.9%
1954
Jose-Frolian Gonzalez
45.9%
1958
Peter Collins
40.6%
1973
Peter Revson
27.1%
1968
Jo Siffert
20.1%
Quiz Playlist
Details
Report
Send in Message
Add To Playlist
More Info:
1957 Grand Prix shared between two drivers
Classic:
Type in answers that appear in a list
Quiz Source
Last Updated: Feb 16, 2017
Quiz Scoreboard
CHALLENGE
Sign Up to Join the Scoreboard
Show All
Scores
Hide
Comments
May contain spoilers
Recently Published
1-10 Letter E Words III
by El_Dandy
Language
2m
Street Fighter Characters
by Artimus82
Gaming
60s
College Basketball Coaching Resumes
by pancakes188
Sports
9m
More to Explore
Quiz From the Vault
Featured Blog Post
Where Did the Easter Bunny Come From?
hide this ad
You Might Also Like...
Tags
World Quiz
British
Championship
constructor
F1 World
grand
Grand Prix
Prix
Winner
Today's Top Quizzes in Sports
Browse Sports
hide this ad
Today's Top Quizzes in World
Browse World
Top Contributed Quizzes in Sports
1
2022 World Cup Stars
2
Les meilleurs buteurs des matchs entre le PSG et l’OM
3
FIFA Club World Cup Champions
4
Les entraîneurs de l'OM et du PSG au 21e siècle
5
Criteria MLB: Left Handed Sluggers
6
2023 MLB Unique Player Accomplishments
7
AFC Teams Reveal (Wrong Answers Minefield)
8
Players with Multiple 50 Home Run Seasons
9
5-to-1: FBS Animal Nicknames
10
5-to-1: UK Sports Teams
Explore More
Trending Topics
Anime
Disney
Kpop
Crossword
NBA
Marvel
Harry Potter
Soccer
Puzzle
Country
WWE
Song
NFL
Pokémon
The Office
hide this ad
More By:
TeabagYokel
Quiz
Plays
Rating
Category
Featured
Created
World Cup Runners-Up
66,295
4.58
Sports
Oct 21, 2009
Top Football Goalscorers by Nation
3,764
3.94
Sports
Jan 18, 2010
Formula One Drivers by Team
1,675
3.83
Sports
Oct 5, 2009
Unofficial Football World Championships
1,241
4.19
Sports
Nov 15, 2009
2007 Rugby World Cup Final Teams
740
5.00
Sports
Jan 27, 2010
Go to Creator's Profile
Score Distribution
Quiz Creator Spotlight
TeabagYokel
Follow
Send a Message
Quizzes Created
-
Created Quiz Play Count
-
More By This Creator
Popular Quizzes Today
1
Find the US States - No Outlines Minefield
2
Find the Countries of Europe - No Outlines Minefield
3
Find the US States
4
The Countries of the World
5
Risky Map Clicking: Biggest States A-Z
6
US States
7
Popular People in 1961
8
Movies - When Are They Set?
More Sports Quizzes
MLB Last 21 Pirates All-Stars
Curator's Pick
Trending Quizzes
Risky Map Clicking: Least Populous States A-Z
1-10 Letter G Words
Countries of the World: 200 Million BC
1-10 Letter F Words
Risky Map Clicking: Next State Alphabetically
Recently Updated
Largest US Cities 1790-2010
pecheneg
Rides in Walt Disney World
pecheneg
Most Oscar Losses (Acting)
pecheneg
Beyoncé Albums
pecheneg
Leaping Animals
pecheneg
Reality TV Shows (A-Z)
bhenderson79
Rickey Henderson's Hall of Fame Teammates
pecheneg
Champions League XIs: Arsenal
pecheneg
Quick Pick: Celebrities in WWE's Hall of Fame
aduchscher
A-Z Keypad Blitz II
pecheneg
Trending Topics
Marvel
Kpop
Crossword
NBA
Disney
Harry Potter
Anime
Soccer
The Office
Country
NFL
WWE
Puzzle
Pokémon
Song
Your Account Isn't Verified!
In order to create a playlist on Sporcle, you need to verify the email address you used during registration. Go to your
Sporcle Settings
to finish the process.
Report this User
Report this user for behavior that violates our
Community Guidelines
.
Details:
Send Report
Go to the Sporcle.com Mobile Site →
Comments